01431cam a22003617a 4500003000500000005001700005008004100022010001000063011001000073035001000083040000900093082001400102245002400116260005200140300001800192505007800210590004100288590004100329590004100370590004100411590004200452650003400494650003700528700003400565700003400599901000700633942001000640949006200650949006200712999001700774952013900791952013900930CHAP20220329134518.0971013s1948 r 00010 d a21407 a22379 a26474 cCHAP a634.3bC514aThe citrus industry aBarkeley Ca. :bUniversity of California,c1948 a2 v.b: ilus. aContenido: v.1 History: botany and breeding -- v.2 Production of the crop aBATCH-UPDb10c20130109lUCH01h2358 aBATCH-UPDb10c20130110lUCH01h1947 aBATCH-UPDb10c20130410lUCH01h1310 aBATCH-UPDb10c20130914lUCH01h0616 aCONVERSIONb10c20130109lUCH01h131314aCítricosxIndustria.92443914aCítricosxMejoramiento.9244480 aBatehelor, Leo Dexter.9107830 aWebber, Herbert John.9121276 aBK cLIBRO a634.3 C5bBCcLIBROd33724000203972eLIBROfv.1i26474si a634.3 C5bBCcLIBROd33724000224655eLIBROfv.2i26474so c21407d21407 00102ddc4052708GRALaBCbBCcPP_GRALd2012-12-17fLIBROl0o634.3 C5p33724000224655r2019-12-31 00:00:00tv.2w2019-12-31yLIBRO 00102ddc4052708GRALaBCbBCcPP_GRALd2012-12-17fLIBROl0o634.3 C5p33724002401959r2019-12-31 00:00:00tv.1w2019-12-31yLIBRO